ជ្រូកដ៏អស្ចារ្យរបស់ខ្ញុំ : (Record no. 8918)

MARC details
000 -LEADER
fixed length control field 03057nam a22003137a 4500
001 - CONTROL NUMBER
control field 8918
003 - CONTROL NUMBER IDENTIFIER
control field FISKH
005 - DATE AND TIME OF LATEST TRANSACTION
control field 20251031141345.0
008 - FIXED-LENGTH DATA ELEMENTS--GENERAL INFORMATION
fixed length control field 251031b cb ||||| |||| 00| 0 eng d
020 ## - INTERNATIONAL STANDARD BOOK NUMBER
International Standard Book Number 9789995088897
040 ## - CATALOGING SOURCE
Original cataloging agency FISKH
Language of cataloging khr
Transcribing agency FISKH
Modifying agency FISKH
050 ## - LIBRARY OF CONGRESS CALL NUMBER
Classification number PZ7
082 ## - DEWEY DECIMAL CLASSIFICATION NUMBER
Classification number 398.2
100 ## - MAIN ENTRY--PERSONAL NAME
Personal name Sotheary, Kimsun
245 ## - TITLE STATEMENT
Title ជ្រូកដ៏អស្ចារ្យរបស់ខ្ញុំ :
Remainder of title My wonderful pigs /
Statement of responsibility, etc. រៀបរៀងដោយ អ្នកស្រី គឹមស៊ុន សុធារី ,​ ត្រួតពិនិត្យអក្ខរាវិរុទ្ធ អ្នកនាង វ៉ាត ចរិយា , កញ្ញា វុិច វឌ្ឍនា និង កញ្ញា ហម លឹមឆេង
260 ## - PUBLICATION, DISTRIBUTION, ETC.
Place of publication, distribution, etc. ភ្នំពេញ :
Name of publisher, distributor, etc. Reading Books ,
Date of publication, distribution, etc. 2008.
300 ## - PHYSICAL DESCRIPTION
Extent 20 pages :
Other physical details color illustrations ;
Dimensions 25 cm .
490 ## - SERIES STATEMENT
Series statement ពិភពរឿងនិទាន
505 ## - FORMATTED CONTENTS NOTE
Formatted contents note K <br/>
520 ## - SUMMARY, ETC.
Summary, etc. ប្តីប្រពន្ធកសិករមួយគូរបានទៅផ្សារទិញជ្រូកមកចិញ្ចឹម​ ។ ប្តីជាមនុស្សខ្ជិលទោះប្រពន្ធអោយធ្វើអ្វីក៏មិនធ្វើដែរ ។ ថ្ងៃមួយគាត់ភ្ញាក់ពីដេកមិនឃើញជ្រូកគាត់ក៏ភ័យហើយអង្វរប្រពន្ធអោយជួយរកជ្រូកហើយសន្យាថានឹងជួយធ្វើកិច្ចការផ្សេងៗនៅក្នុងផ្ទះ ។ ប្រពន្ធក៏ទៅបើកទ្វារបន្ទប់ក្រោមដី ហើយជ្រូកទាំងអស់ក៏បានបោលមករកកសិករជាប្តីដោយក្តីត្រេកអរ ។​ នៅថ្ងៃនោះដែរបុរសជាប្តីក៏ធ្វើតាមសន្យា​ ហើយលែងខ្ជិលច្រអូសទៀត ៕​
520 ## - SUMMARY, ETC.
Summary, etc. A farmer’s wife once went to the market to buy some pigs to raise. Her husband was a very lazy man — no matter what she asked him to do, he never did anything.<br/><br/>One day, when he woke up from his nap, he couldn’t find the pigs anywhere. Frightened, he begged his wife to help him look for them and promised that he would help with all the housework from then on.<br/><br/>The wife then went to open the door to the basement, and all the pigs came rushing out toward the farmer, squealing happily.<br/><br/>From that day on, the husband kept his promise — he started helping with the chores and was no longer lazy.
521 8# - TARGET AUDIENCE NOTE
Target audience note 510 <br/>
Source Lexile estimate <br/>
521 8# - TARGET AUDIENCE NOTE
Target audience note K <br/>
Source Raz-Plus <br/>
650 ## - SUBJECT ADDED ENTRY--TOPICAL TERM
Topical term or geographic name entry element ជ្រូកដ៏អស្ចារ្យរបស់ខ្ញុំ
Form subdivision រឿងនិទានកុមារ
650 ## - SUBJECT ADDED ENTRY--TOPICAL TERM
Topical term or geographic name entry element My wonderful pigs
Form subdivision Children's Stories
700 ## - ADDED ENTRY--PERSONAL NAME
Personal name Ra B, Tha
Relator term Illustrator
942 ## - ADDED ENTRY ELEMENTS (KOHA)
Source of classification or shelving scheme Dewey Decimal Classification
Koha item type Khmer Books
Suppress in OPAC No
Holdings
Withdrawn status Lost status Source of classification or shelving scheme Damaged status Not for loan Collection Home library Current library Shelving location Date acquired Total Checkouts Full call number Barcode Date last seen Copy number Price effective from Koha item type Date last checked out
    Dewey Decimal Classification     Khmer-English Bilingual / ភាសាខ្មែរ-អង់គ្លេស Footprints International School Library Network Toul Tom Poung Campus Footprints International School Library Network Toul Tom Poung Campus TTP Primary Khmer Bookshelves 10/31/2025   SOT PZ7 398.2 FISBK03846 10/31/2025 1 10/31/2025 Khmer Books  
    Dewey Decimal Classification     Khmer-English Bilingual / ភាសាខ្មែរ-អង់គ្លេស Footprints International School Library Network Toul Tom Poung Campus Footprints International School Library Network Toul Tom Poung Campus TTP Primary Khmer Bookshelves 11/10/2025 1 SOT PZ7 398.2 FIS05007 03/11/2026 2 11/10/2025 Khmer Books 03/11/2026
    Dewey Decimal Classification     Khmer-English Bilingual / ភាសាខ្មែរ-អង់គ្លេស Footprints International School Library Network Toul Tom Poung Campus Footprints International School Library Network Toul Tom Poung Campus TTP Primary Khmer Bookshelves 11/10/2025   SOT PZ7 398.2 FIS04359 11/10/2025 3 11/10/2025 Khmer Books  
    Dewey Decimal Classification     Khmer-English Bilingual / ភាសាខ្មែរ-អង់គ្លេស Footprints International School Library Network Toul Tom Poung Campus Footprints International School Library Network Toul Tom Poung Campus TTP Primary Khmer Bookshelves 11/10/2025   SOT PZ7 398.2 FIS05003 11/10/2025 4 11/10/2025 Khmer Books